| 000 | 01232nam a22002897i 4500 | ||
|---|---|---|---|
| 003 | EG-ScBUE | ||
| 005 | 20221127140359.0 | ||
| 008 | 220731s2011 su f b 000 0bara d | ||
| 040 |
_aEG-ScBUE _bara _erda _cEG-ScBUE _dEG-ScBUE |
||
| 043 | _aa-su--- | ||
| 082 | 0 | 4 |
_222 _a953.8 _bأ م ي |
| 245 | 0 | 2 |
_aالأمير محمد بن عبد الرحمن الفيصل آل سعود : _bوجه مشرق من عظماء التاريخ / _cإعداد باحثين متخصصين. |
| 250 | _aالطبعة الأولى. | ||
| 264 | 1 |
_a[الرياض] : _bمؤسسة الأمير محمد بن عبد الرحمن وعائلته الخيرية، _c2011. |
|
| 300 |
_a304 صفحة ؛ _c30 سم |
||
| 336 |
_2rdacontent _aنص _btxt |
||
| 337 |
_2rdamedia _aبدون وسيط _bn |
||
| 338 |
_2rdacarrier _aمجلد _bnc |
||
| 504 | _aيشتمل على إرجاعات ببليوجرافية. | ||
| 541 | _aBook from store. | ||
| 600 | 3 | 7 |
_aآل سعود، محمد بن عبد الرحمن الفيصل. _2BUEsh |
| 651 | 7 |
_aالسعودية _xملوك وحكام. _2BUEsh |
|
| 651 | 7 |
_aالسعودية _xتاريخ _yالعصر الحديث. _2BUEsh |
|
| 653 |
_bGGEN _cNovember2022 |
||
| 655 | _vReading book | ||
| 942 | _2ddc | ||
| 999 |
_c30048 _d30019 |
||